000 00473nam a2200169Ia 4500
999 _c12126
_d12126
003 OSt
005 20201021112309.0
008 190216s9999||||xx |||||||||||||| ||und||
040 _coclc
082 _a821.91208
_bHUN/M
100 _aHunter, Jim
_95275
245 0 _aModern Poets /
_cJim Hunter
260 _bFaber And Faber ,
_c1968.
_aLondon:
300 _a147p
650 _aEnglish Poetry
942 _cBK
_2ddc
_h821.91208
_iHUN/M
_k821.91208
_mHUN/M